000 00451nam a22001577a 4500
999 _c57283
_d57283
003 Ge_BSU
005 20200207104637.0
008 200207s2004 ge ||||| |||| 00| 0 geo d
041 _ageo
080 _a912(479.22) ს–32
245 _aსაქართველო /
_bფიზიკური რუკა.
264 _aთბილისი,
_c2004.
653 _aრუკა
653 _aკარტოგრაფია
942 _2udc
_cMP